[Event "Balaguer op"]
[Site "?"]
[Date "2011.07.19"]
[Round "3"]
[White "Coll Ortega, J."]
[Black "Guadamuro Torrente, AI."]
[Result "0-1"]
[WhiteElo "2303"]
[BlackElo "2177"]
[PlyCount "112"]
[EventDate "2011.??.??"]
[EventType "swiss"]
[Source "Chessbase"]
[SourceDate "2011.07.29"]

1. d4 d5 2. c4 c6 3. Nf3 Nf6 4. e3 a6 5. Bd3 Bg4 6. Nbd2 e6 7. O-O Bd6 8. Qc2
Nbd7 9. b3 O-O 10. Bb2 Qc7 11. h3 Bh5 12. c5 Be7 13. Ne5 Bg6 14. Nxg6 hxg6 15.
f4 b6 16. b4 a5 17. a3 axb4 18. axb4 bxc5 19. bxc5 Rfb8 20. Bc3 Ne8 21. Nb3 Qc8
22. Ba5 Nc7 23. Ra4 Nb5 24. Rfa1 f5 25. Nc1 g5 26. g4 gxf4 27. exf4 Bf6 28. Ne2
Rxa5 29. Rxa5 Nxd4 30. Qc1 Nb3 31. Qe3 Ndxc5 32. Rxc5 Nxc5 33. Ra7 Nxd3 34.
Qxd3 Qd8 35. Ra6 Qd6 36. gxf5 Qc5+ 37. Kg2 exf5 38. Qxf5 Re8 39. Qd3 d4 40. Ng3
Qd5+ 41. Kh2 Rb8 42. Ne4 Bh4 43. Nd2 c5 44. Rg6 Re8 45. Rg2 Re3 46. Qg6 Qd7 47.
f5 Qc7+ 48. Kg1 Re1+ 49. Nf1 Qe7 50. Qa6 Qe3+ 51. Kh2 Qe5+ 52. Kg1 Bf6 53. Qc4+
Kf8 54. Qd3 Qe3+ 55. Qxe3 dxe3 56. Rc2 e2 0-1

[Event "Balaguer op"]
[Site "?"]
[Date "2011.07.19"]
[Round "3"]
[White "Font Garcia, X."]
[Black "Tuz, M."]
[Result "1/2-1/2"]
[WhiteElo "1724"]
[BlackElo "2080"]
[PlyCount "89"]
[EventDate "2011.??.??"]
[EventType "swiss"]
[Source "Chessbase"]
[SourceDate "2011.07.29"]

1. b4 d5 2. Bb2 Nf6 3. Nf3 g6 4. e3 Bg7 5. c4 O-O 6. Nc3 c6 7. Be2 Nbd7 8. d4
Re8 9. O-O dxc4 10. Bxc4 Nb6 11. Bb3 Nbd5 12. a3 a5 13. bxa5 Qxa5 14. Qc2 Qd8
15. Ne5 e6 16. Ne2 Nd7 17. Rad1 Nxe5 18. dxe5 Qc7 19. Bxd5 exd5 20. Rxd5 Bxe5
21. Bxe5 Rxe5 22. Rxe5 Qxe5 23. Qd3 Qe7 24. Ra1 b6 25. Qc3 Bd7 26. Nf4 b5 27.
h3 b4 28. axb4 Rxa1+ 29. Qxa1 Qxb4 30. Nd3 Qb5 31. Ne5 Be8 32. Ng4 h5 33. Nf6+
Kf8 34. Qd4 Ke7 35. Ne4 Qd5 36. Qb4+ Ke6 37. Nc3 Qe5 38. Qc4+ Ke7 39. Qd4 Qxd4
40. exd4 Bd7 41. f4 Bf5 42. Kf2 Kd6 43. Kf3 c5 44. dxc5+ Kxc5 45. g4 1/2-1/2

[Event "Balaguer op"]
[Site "?"]
[Date "2011.07.19"]
[Round "3"]
[White "Gensana Berzunces, J."]
[Black "Orrit Sole, G."]
[Result "1-0"]
[WhiteElo "2013"]
[BlackElo "1711"]
[PlyCount "103"]
[EventDate "2011.??.??"]
[EventType "swiss"]
[Source "Chessbase"]
[SourceDate "2011.07.29"]

1. d4 Nf6 2. c4 g6 3. Nc3 Bg7 4. Nf3 O-O 5. e4 d6 6. h3 e5 7. Be3 Nc6 8. d5 Ne7
9. Qd2 Ne8 10. Rc1 f5 11. Bg5 f4 12. b4 h6 13. Bxe7 Qxe7 14. Be2 g5 15. Nh2 Qf7
16. c5 h5 17. cxd6 cxd6 18. f3 Bf6 19. Kd1 Bd8 20. Nf1 Bd7 21. Bb5 Bxb5 22.
Nxb5 a6 23. Na3 Nc7 24. Rc4 Qd7 25. Qc2 Nb5 26. Nxb5 axb5 27. Rc3 Bb6 28. g4 h4
29. Rh2 Rfc8 30. Rxc8+ Rxc8 31. Qb3 Rc4 32. Rc2 Qc7 33. Nd2 Rxc2 34. Qxc2 Qxc2+
35. Kxc2 Kf7 36. Nb1 Ke7 37. Nc3 Kd7 38. Nxb5 Be3 39. Kb3 Bf2 40. Kc4 Bg1 41.
Na3 Kc7 42. Kb5 Bf2 43. Nc4 Bg1 44. a4 Bf2 45. a5 Be1 46. Ka4 Bf2 47. b5 Bc5
48. b6+ Kc8 49. Na3 Kd7 50. Nb5 Be3 51. Nc7 Ke7 52. Kb5 1-0

[Event "Balaguer op"]
[Site "?"]
[Date "2011.07.19"]
[Round "3"]
[White "Gutierrez Martos, FE."]
[Black "Fortuny Profitos, J."]
[Result "1-0"]
[WhiteElo "2071"]
[BlackElo "1715"]
[PlyCount "49"]
[EventDate "2011.??.??"]
[EventType "swiss"]
[Source "Chessbase"]
[SourceDate "2011.07.29"]

1. c4 c5 2. g3 e6 3. Bg2 d5 4. Nf3 b6 5. O-O Bb7 6. cxd5 exd5 7. d4 Nf6 8. Nc3
Be7 9. Nh4 O-O 10. Nf5 Re8 11. Bg5 cxd4 12. Qxd4 Nc6 13. Qh4 Nd7 14. Bxe7 Nxe7
15. Nd6 Bc6 16. Nxe8 Qxe8 17. Rac1 Nc5 18. b4 Ne4 19. Nxe4 Ng6 20. Nf6+ gxf6
21. Qxf6 Bb7 22. Rc7 Rb8 23. Rfc1 Nh8 24. e3 a5 25. Qxb6 1-0

[Event "Balaguer op"]
[Site "?"]
[Date "2011.07.19"]
[Round "3"]
[White "Hernandez Carmenates, H."]
[Black "Guerra Mendez, JA."]
[Result "1/2-1/2"]
[WhiteElo "2570"]
[BlackElo "2450"]
[PlyCount "68"]
[EventDate "2011.??.??"]
[EventType "swiss"]
[Source "Chessbase"]
[SourceDate "2011.07.29"]

1. d4 Nf6 2. c4 e6 3. Nc3 Bb4 4. Qc2 O-O 5. e4 d5 6. e5 Ne4 7. Bd3 c5 8. Nge2
cxd4 9. Nxd4 Nd7 10. Bf4 Ndc5 11. O-O Nxd3 12. Qxd3 Bxc3 13. bxc3 b6 14. cxd5
exd5 15. Rfd1 Qd7 16. Ne2 Rd8 17. f3 Nc5 18. Qe3 Ba6 19. Ng3 Qe6 20. Rd4 Re8
21. Nh5 f6 22. Re1 Nd7 23. Bh6 Qxe5 24. Qxe5 Nxe5 25. Re3 Ng6 26. Rxe8+ Rxe8
27. Nxg7 Re1+ 28. Kf2 Re2+ 29. Kg3 Rxa2 30. Rxd5 Bf1 31. Rd8+ Kf7 32. Rd7+ Kg8
33. Rd8+ Kf7 34. Rd7+ Kg8 1/2-1/2

[Event "Balaguer op"]
[Site "?"]
[Date "2011.07.19"]
[Round "3"]
[White "Herreros Angrill, J."]
[Black "Codina Garcia, J."]
[Result "0-1"]
[WhiteElo "1727"]
[BlackElo "2133"]
[PlyCount "26"]
[EventDate "2011.??.??"]
[EventType "swiss"]
[Source "Chessbase"]
[SourceDate "2011.07.29"]

1. Nf3 d5 2. b4 Bf5 3. Bb2 e6 4. e3 Nf6 5. c4 dxc4 6. Qa4+ c6 7. b5 Be7 8. bxc6
Nxc6 9. Nd4 Qb6 10. Nb5 O-O 11. Ba3 Bxa3 12. N5xa3 Qb2 13. Nxc4 Qxa1 0-1

[Event "Balaguer op"]
[Site "?"]
[Date "2011.07.19"]
[Round "3"]
[White "Ivanov Markov, R."]
[Black "Aranzana Areste, A."]
[Result "0-1"]
[WhiteElo "1715"]
[BlackElo "2065"]
[PlyCount "110"]
[EventDate "2011.??.??"]
[EventType "swiss"]
[Source "Chessbase"]
[SourceDate "2011.07.29"]

1. e4 e6 2. d4 d5 3. exd5 exd5 4. Bd3 Bd6 5. Be3 Ne7 6. h3 Bf5 7. Nf3 O-O 8.
O-O Bxd3 9. Qxd3 Nd7 10. Nc3 c6 11. Ne2 Qc7 12. Qd2 Nf6 13. Bf4 Ne4 14. Bxd6
Qxd6 15. Qc1 Ng6 16. Nd2 Rfe8 17. Nxe4 dxe4 18. c3 Re7 19. Ng3 Qd7 20. Qc2 Rae8
21. Rae1 Qd5 22. c4 Qxd4 23. Nf5 Qe5 24. Nxe7+ Qxe7 25. Re3 f5 26. Rfe1 Qc5 27.
Kh1 Rf8 28. f3 exf3 29. Rxf3 Nh4 30. Qf2 Qxf2 31. Rxf2 Ng6 32. Rfe2 Kf7 33. Rd1
Kf6 34. Rd7 h5 35. Rxb7 Rd8 36. g3 h4 37. Kg2 hxg3 38. Kxg3 Rd3+ 39. Kh2 Nf4
40. Ree7 Rxh3+ 41. Kg1 g5 42. Rf7+ Ke5 43. Rxa7 Nd3 44. b3 Kf4 45. Kg2 Rg3+ 46.
Kh2 Rf3 47. Ra5 Kg4 48. Ra6 Rf2+ 49. Kg1 Kg3 50. Re7 f4 51. Rxc6 f3 52. Rg6 g4
53. Re4 Rg2+ 54. Kf1 Nf2 55. c5 Nxe4 0-1

[Event "Balaguer op"]
[Site "?"]
[Date "2011.07.19"]
[Round "3"]
[White "Kovacevic, S."]
[Black "Oms Pallisse, J."]
[Result "0-1"]
[WhiteElo "2325"]
[BlackElo "2489"]
[PlyCount "59"]
[EventDate "2011.??.??"]
[EventType "swiss"]
[Source "Chessbase"]
[SourceDate "2011.07.29"]

1. d4 Nf6 2. Nf3 e6 3. Bg5 h6 4. Bh4 d6 5. Nbd2 g5 6. Bg3 Nh5 7. e4 Bg7 8. c3
Qe7 9. Be2 Nd7 10. Nc4 Nxg3 11. hxg3 b6 12. Nfd2 Bb7 13. Ne3 O-O-O 14. Qa4 Kb8
15. g4 Nf6 16. Bf3 d5 17. e5 Ne4 18. Nxe4 dxe4 19. Be2 c5 20. Rd1 cxd4 21. cxd4
Rhf8 22. O-O f5 23. Nc4 f4 24. Nd6 Rxd6 25. exd6 Qxd6 26. Ba6 Bxa6 27. Qxa6
Bxd4 28. Qe2 Qe5 29. Rfe1 f3 30. Qf1 0-1

[Event "Balaguer op"]
[Site "?"]
[Date "2011.07.19"]
[Round "3"]
[White "Lariño Nieto, D."]
[Black "Trepat Herranz, J."]
[Result "1-0"]
[WhiteElo "2495"]
[BlackElo "2352"]
[PlyCount "65"]
[EventDate "2011.??.??"]
[EventType "swiss"]
[Source "Chessbase"]
[SourceDate "2011.07.29"]

1. d4 e6 2. e4 d5 3. Nd2 Nf6 4. e5 Nfd7 5. c3 c5 6. Bd3 Nc6 7. Ne2 cxd4 8. cxd4
f6 9. Nf4 Nxd4 10. Qh5+ Ke7 11. Ng6+ hxg6 12. exf6+ Nxf6 13. Qxh8 Kf7 14. O-O
e5 15. Nb3 Nxb3 16. axb3 Bf5 17. Rd1 Qb6 18. Bg5 Ng4 19. Bh4 Bc5 20. Qxa8 Bxf2+
21. Kh1 Bxh4 22. Rf1 Nf2+ 23. Rxf2 Bxf2 24. Bxf5 gxf5 25. Qc8 Qe6 26. Qxb7+ Kg8
27. Ra5 Kh7 28. Rxd5 Bd4 29. Rd8 Qh6 30. Qc8 Qf4 31. Rh8+ Kg6 32. Qe6+ Kg5 33.
h4+ 1-0

[Event "Balaguer op"]
[Site "?"]
[Date "2011.07.19"]
[Round "3"]
[White "Lazaro Porta, A."]
[Black "Arno Bendicho, X."]
[Result "1-0"]
[WhiteElo "1970"]
[BlackElo "1631"]
[PlyCount "101"]
[EventDate "2011.??.??"]
[EventType "swiss"]
[Source "Chessbase"]
[SourceDate "2011.07.29"]

1. c4 b6 2. Nf3 Bb7 3. Qb3 d5 4. c5 Nc6 5. d4 g6 6. e3 Bg7 7. Bb5 e6 8. O-O
Nge7 9. Bd2 O-O 10. Rc1 Rc8 11. a4 a6 12. Bd3 e5 13. dxe5 Nxe5 14. Nxe5 Bxe5
15. Bc3 d4 16. exd4 Bxd4 17. Rd1 Bd5 18. Qc2 Bxc5 19. Bxa6 Ra8 20. Bc4 c6 21.
Bf6 Qc8 22. Bxe7 Bxe7 23. Bxd5 cxd5 24. Qxc8 Rfxc8 25. Nc3 Rc4 26. Nxd5 Bc5 27.
b4 Bd4 28. Ra2 Rd8 29. Ne3 Rxb4 30. Rad2 Rxa4 31. Nc2 Bxf2+ 32. Kxf2 Rxd2+ 33.
Rxd2 Kf8 34. Ke3 Ke7 35. Rd4 Ra8 36. Rb4 Rb8 37. Nd4 Kd6 38. Kd3 f5 39. Rb5 h5
40. h4 Rb7 41. Nf3 Kc6 42. Kc4 Rg7 43. Nd4+ Kb7 44. Ne6 Re7 45. Re5 Rd7 46. Nd4
Rc7+ 47. Kb5 Rd7 48. Nc6 Rd2 49. Re7+ Kc8 50. Re8+ Kd7 51. Rd8+ 1-0

[Event "Balaguer op"]
[Site "?"]
[Date "2011.07.19"]
[Round "3"]
[White "Leon Valera, J."]
[Black "Borras Burgues, J."]
[Result "1-0"]
[WhiteElo "1859"]
[BlackElo "1394"]
[PlyCount "43"]
[EventDate "2011.??.??"]
[EventType "swiss"]
[Source "Chessbase"]
[SourceDate "2011.07.29"]

1. d4 g6 2. c4 Bg7 3. Nc3 c5 4. d5 d6 5. e4 Na6 6. a4 e5 7. Nf3 Bg4 8. Be2 Qd7
9. h3 Bxf3 10. Bxf3 h5 11. Rb1 Ne7 12. Bg5 f5 13. b4 f4 14. O-O h4 15. Bg4 Nf5
16. Qc2 Rf8 17. exf5 gxf5 18. Bh5+ Rf7 19. Nb5 Kf8 20. Bxf7 Qxf7 21. Nxd6 Qh5
22. Qxf5+ 1-0

[Event "Balaguer op"]
[Site "?"]
[Date "2011.07.19"]
[Round "3"]
[White "Llobera Pujol, R."]
[Black "Parramon Guillaumet, J."]
[Result "0-1"]
[WhiteElo "1495"]
[BlackElo "1928"]
[PlyCount "90"]
[EventDate "2011.??.??"]
[EventType "swiss"]
[Source "Chessbase"]
[SourceDate "2011.07.29"]

1. d4 d5 2. Nf3 Nf6 3. e3 e6 4. Nbd2 c5 5. dxc5 Bxc5 6. c4 O-O 7. cxd5 Nxd5 8.
Bd3 Nxe3 9. Qb3 Nxg2+ 10. Kf1 Nf4 11. Ne1 e5 12. Ne4 Nxd3 13. Nxd3 Bb6 14. Rg1
Bf5 15. Bh6 Bg6 16. Nxe5 Qh4 17. Nxg6 hxg6 18. Rxg6 Qxe4 19. Rxg7+ Kh8 20. Rg2
Rg8 21. Rxg8+ Kxg8 22. Qg3+ Qg6 23. Re1 Nc6 24. Qxg6+ fxg6 25. Re6 Kf7 26. Re4
Bc7 27. h4 Rd8 28. Bg5 Rd5 29. Kg2 Be5 30. f4 Bxb2 31. h5 gxh5 32. Kh3 Rd1 33.
Kg2 Bf6 34. Bh6 Rd2+ 35. Kh3 Rxa2 36. f5 a5 37. Rc4 a4 38. Rc5 Rb2 39. Rd5 Ke7
40. Bf4 Rb3+ 41. Kg2 a3 42. Bd6+ Ke8 43. Bc5 a2 44. Rd6 a1=Q 45. Re6+ Kf7 0-1

[Event "Balaguer op"]
[Site "?"]
[Date "2011.07.19"]
[Round "3"]
[White "Mellado Triviño, J."]
[Black "Alvarez Pedraza, A."]
[Result "1/2-1/2"]
[WhiteElo "2433"]
[BlackElo "2551"]
[PlyCount "32"]
[EventDate "2011.??.??"]
[EventType "swiss"]
[Source "Chessbase"]
[SourceDate "2011.07.29"]

1. e4 c6 2. Nf3 d5 3. exd5 Qxd5 4. d4 Nf6 5. c4 Qd6 6. Nc3 Nbd7 7. Be2 g6 8.
O-O Bg7 9. Bg5 O-O 10. Qd2 e5 11. dxe5 Qxd2 12. Bxd2 Ng4 13. e6 fxe6 14. Ng5
Ndf6 15. h3 Nh6 16. g4 Nf7 1/2-1/2

[Event "Balaguer op"]
[Site "?"]
[Date "2011.07.19"]
[Round "3"]
[White "Monfa Escola, R."]
[Black "Barbero Sendic, A."]
[Result "1/2-1/2"]
[WhiteElo "1776"]
[BlackElo "2264"]
[PlyCount "114"]
[EventDate "2011.??.??"]
[EventType "swiss"]
[Source "Chessbase"]
[SourceDate "2011.07.29"]

1. d3 d5 2. a3 Nf6 3. Nf3 a5 4. Nbd2 Bf5 5. b3 e6 6. Bb2 Nbd7 7. g3 Bd6 8. Bg2
e5 9. c4 c6 10. O-O O-O 11. Re1 d4 12. Qc2 Re8 13. Nh4 Bg6 14. Nxg6 fxg6 15. e3
dxe3 16. Rxe3 Rf8 17. Re2 Bc5 18. Nf3 Qb6 19. Rf1 Rae8 20. Bxe5 Nxe5 21. Rxe5
Rxe5 22. Nxe5 Bxa3 23. Nf3 Bb4 24. Rd1 Re8 25. d4 Qc7 26. Ne5 Bd6 27. Nd3 b5
28. Bf3 g5 29. c5 Bf8 30. Ne5 Nd5 31. Bxd5+ cxd5 32. Qd2 h6 33. Ra1 Bxc5 34.
dxc5 Rxe5 35. Qd4 b4 36. Kg2 g4 37. Rxa5 Qxa5 38. Qxe5 Qxc5 39. Qe6+ Kh8 40.
Qxg4 Qc2 41. Qxb4 Qd3 42. g4 Kg8 43. Qb8+ Kh7 44. Qg3 Qd4 45. h3 Qc5 46. Qd3+
Kh8 47. b4 Qd6 48. Qd4 Qd7 49. Qc5 Qa4 50. Qxd5 Qxb4 51. g5 hxg5 52. Qxg5 Qe4+
53. Kh2 Qf3 54. Qg3 Qe2 55. Kg2 Qe4+ 56. Qf3 Qg6+ 57. Qg4 Qc6+ 1/2-1/2

[Event "Balaguer op"]
[Site "?"]
[Date "2011.07.19"]
[Round "3"]
[White "Pages Janer, J."]
[Black "Quintas Galeano, L."]
[Result "0-1"]
[WhiteElo "1731"]
[BlackElo "2155"]
[PlyCount "90"]
[EventDate "2011.??.??"]
[EventType "swiss"]
[Source "Chessbase"]
[SourceDate "2011.07.29"]

1. Nf3 Nf6 2. g3 g6 3. Bg2 Bg7 4. O-O d6 5. d4 O-O 6. c3 c6 7. Nbd2 Bf5 8. Nh4
Bg4 9. h3 Bd7 10. e4 Qc7 11. Re1 e5 12. dxe5 dxe5 13. Nb3 b6 14. Bg5 Be6 15.
Qc2 Nbd7 16. Rad1 a5 17. Qd2 Rfd8 18. Qd6 Qb7 19. Qd2 Qc8 20. Kh2 Bxb3 21. axb3
Nc5 22. Qc2 Qe6 23. c4 Qe8 24. Rxd8 Rxd8 25. Be3 Nfd7 26. Rd1 Ne6 27. Nf3 Ndc5
28. Ng5 Nd4 29. Bxd4 exd4 30. Bf1 h6 31. Nf3 Qxe4 32. Qxe4 Nxe4 33. Bd3 Nxf2
34. Rd2 Nxd3 35. Rxd3 Re8 36. Rd2 Re3 37. Nxd4 Bxd4 38. Rxd4 Rxb3 39. Rd2 b5
40. c5 a4 41. Kg2 b4 42. Rd6 Rxb2+ 43. Kf3 a3 44. Rxc6 a2 45. Ra6 Rc2 0-1

[Event "Balaguer op"]
[Site "?"]
[Date "2011.07.19"]
[Round "3"]
[White "Ramon Solans, A."]
[Black "Orti Boix, ML."]
[Result "1-0"]
[WhiteElo "2280"]
[BlackElo "1857"]
[PlyCount "69"]
[EventDate "2011.??.??"]
[EventType "swiss"]
[Source "Chessbase"]
[SourceDate "2011.07.29"]

1. d3 e5 2. a3 d5 3. Nf3 Nc6 4. b4 a6 5. Bb2 Bd6 6. c4 dxc4 7. dxc4 Nf6 8. c5
e4 9. cxd6 exf3 10. dxc7 Qxd1+ 11. Kxd1 fxe2+ 12. Bxe2 Ne4 13. Rf1 Be6 14. Nd2
Nd6 15. Bxg7 Rg8 16. Bh6 Rxg2 17. Bf4 Nf5 18. Rc1 Rg8 19. Re1 Nfd4 20. Nc4 Bxc4
21. Bxc4+ Kd7 22. Bf1 f5 23. Rc5 Raf8 24. Bh3 b6 25. Rd5+ Kc8 26. a4 Nf3 27.
Rxf5 Rxf5 28. Bxf5+ Kb7 29. c8=Q+ Rxc8 30. Bxc8+ Kxc8 31. Re3 Nfd4 32. Re4 Kd7
33. Be3 Nf3 34. Ke2 Nfe5 35. Bxb6 1-0

[Event "Balaguer op"]
[Site "?"]
[Date "2011.07.19"]
[Round "3"]
[White "Rodrigo Yanguas, M."]
[Black "Solsona Manonelles, J."]
[Result "1-0"]
[WhiteElo "2102"]
[BlackElo "1725"]
[PlyCount "49"]
[EventDate "2011.??.??"]
[EventType "swiss"]
[Source "Chessbase"]
[SourceDate "2011.07.29"]

1. e4 e6 2. d4 d5 3. Nd2 c5 4. exd5 exd5 5. Ngf3 Nf6 6. Bb5+ Bd7 7. Bxd7+ Nbxd7
8. O-O Be7 9. dxc5 Nxc5 10. Nd4 Qd7 11. N2f3 Bd6 12. Re1+ Ne6 13. Ng5 O-O 14.
Ndxe6 fxe6 15. Nxe6 Rfe8 16. Nd4 Rxe1+ 17. Qxe1 Qg4 18. Be3 Qh5 19. Nf3 Re8 20.
Qd2 Ng4 21. Bf4 Bc5 22. Bg3 h6 23. Re1 Nf6 24. Rxe8+ Qxe8 25. Be5 1-0

[Event "Balaguer op"]
[Site "?"]
[Date "2011.07.19"]
[Round "3"]
[White "Roeder, M."]
[Black "Janev, E."]
[Result "0-1"]
[WhiteElo "2420"]
[BlackElo "2528"]
[PlyCount "64"]
[EventDate "2011.??.??"]
[EventType "swiss"]
[Source "Chessbase"]
[SourceDate "2011.07.29"]

1. d4 d6 2. Nf3 g6 3. e4 Nf6 4. Nc3 c6 5. Be2 Bg7 6. O-O O-O 7. a4 Qc7 8. Bf4
Nh5 9. Bg5 e5 10. Qd2 Bg4 11. d5 Nf4 12. Bxf4 exf4 13. Qxf4 Bxf3 14. Bxf3 Nd7
15. dxc6 bxc6 16. Rfd1 Be5 17. Qd2 Rfe8 18. Ra2 Rab8 19. g3 Nc5 20. Ne2 a5 21.
Nd4 Bg7 22. Nb3 Nxb3 23. cxb3 Rxb3 24. Bg2 Re6 25. Bh3 Rxe4 26. Qxd6 Qxd6 27.
Rxd6 Rc4 28. Rd8+ Bf8 29. Ra8 Rc5 30. Ra1 Kg7 31. Rd1 Rxb2 32. Rdd8 Rc1+ 0-1

[Event "Balaguer op"]
[Site "?"]
[Date "2011.07.19"]
[Round "3"]
[White "Torner Planell, J."]
[Black "Borras Camarasa, M."]
[Result "1-0"]
[WhiteElo "1935"]
[BlackElo "1601"]
[PlyCount "53"]
[EventDate "2011.??.??"]
[EventType "swiss"]
[Source "Chessbase"]
[SourceDate "2011.07.29"]

1. d4 d6 2. Nf3 g6 3. g3 Bg7 4. Bg2 Nf6 5. O-O O-O 6. a4 Nbd7 7. a5 Rb8 8. Nc3
a6 9. h3 b6 10. Nd2 bxa5 11. Nc4 Bb7 12. d5 c6 13. dxc6 Bxc6 14. Bxc6 Qc7 15.
Nxa5 Nh5 16. Nd5 Qd8 17. c3 e6 18. Nf4 Ndf6 19. Nxh5 Nxh5 20. Bg2 Qb6 21. Kh2
f5 22. Bf3 f4 23. g4 Nf6 24. Nc6 Rb7 25. Qxd6 Kh8 26. Qd3 Qc7 27. Rxa6 1-0

[Event "Balaguer op"]
[Site "?"]
[Date "2011.07.19"]
[Round "3"]
[White "Turuguet Lopez, JL."]
[Black "Casas Torres, P."]
[Result "1-0"]
[WhiteElo "1928"]
[BlackElo "1603"]
[PlyCount "31"]
[EventDate "2011.??.??"]
[EventType "swiss"]
[Source "Chessbase"]
[SourceDate "2011.07.29"]

1. Nf3 Nf6 2. c4 g6 3. Nc3 Bg7 4. e4 d6 5. d4 O-O 6. Bg5 h6 7. Bh4 c5 8. d5 g5
9. Bg3 Qa5 10. Bd3 Nh5 11. Qc2 Nxg3 12. hxg3 a6 13. e5 dxe5 14. Nxg5 hxg5 15.
Bh7+ Kh8 16. Bg8+ 1-0

[Event "Balaguer op"]
[Site "?"]
[Date "2011.07.19"]
[Round "3"]
[White "Verdes Nadal, R."]
[Black "Fumas Fontova, E."]
[Result "1-0"]
[WhiteElo "1995"]
[BlackElo "1637"]
[PlyCount "65"]
[EventDate "2011.??.??"]
[EventType "swiss"]
[Source "Chessbase"]
[SourceDate "2011.07.29"]

1. g3 e6 2. Bg2 c5 3. c4 Nf6 4. Nc3 a6 5. e3 Qc7 6. Nge2 Nc6 7. b3 b6 8. Bb2
Be7 9. Rc1 Bb7 10. O-O O-O 11. d4 d6 12. Qd2 Rad8 13. Rfd1 Rfe8 14. Nf4 Bf8 15.
d5 Na7 16. dxe6 fxe6 17. e4 b5 18. Qe2 b4 19. Na4 Bc6 20. e5 Nd7 21. exd6 Bxd6
22. Nxe6 Nf8 23. Bxc6 Rxe6 24. Bd5 Rde8 25. Qg4 Kh8 26. Bxe6 Rxe6 27. Rd5 h6
28. Nxc5 Rg6 29. Qh5 Qf7 30. Ne4 Be7 31. Re1 Ne6 32. Qf5 Qe8 33. Nd6 1-0

[Event "Balaguer op"]
[Site "?"]
[Date "2011.07.19"]
[Round "3"]
[White "Westerinen, H."]
[Black "Volodin, A."]
[Result "0-1"]
[WhiteElo "2355"]
[BlackElo "2523"]
[PlyCount "138"]
[EventDate "2011.??.??"]
[EventType "swiss"]
[Source "Chessbase"]
[SourceDate "2011.07.29"]

1. e4 c5 2. Nf3 e6 3. c3 Nf6 4. e5 Nd5 5. Bc4 d6 6. O-O Nc6 7. d4 dxe5 8. dxe5
Be7 9. Qe2 Qc7 10. Qe4 h6 11. Re1 Nb6 12. Bd3 Bd7 13. Nbd2 O-O-O 14. a3 g5 15.
Nc4 Nxc4 16. Bxc4 Na5 17. Ba2 Bc6 18. Qe2 Bd5 19. b4 Nc6 20. b5 Bxf3 21. gxf3
Na5 22. c4 Qd7 23. Bb2 Qd3 24. Qxd3 Rxd3 25. Re3 Rhd8 26. Bc3 b6 27. Rc1 Bf8
28. Kf1 R3d7 29. Ree1 Bg7 30. h3 Rd3 31. Re3 R3d7 32. Ree1 Kb7 33. Re3 h5 34.
Rce1 Bh6 35. Re4 Rd3 36. R4e3 Rxe3 37. fxe3 Rd3 38. Bb2 Nb3 39. Bxb3 Rxb3 40.
Re2 a6 41. bxa6+ Kxa6 42. Kf2 Bg7 43. Rc2 b5 44. cxb5+ Kxb5 45. Ke2 Bf8 46. Bc1
Be7 47. Rd2 Kc6 48. Rc2 Bd8 49. e4 Be7 50. a4 g4 51. hxg4 hxg4 52. fxg4 Rb4 53.
a5 Rxe4+ 54. Kf3 Ra4 55. Bd2 Bd8 56. Kg3 Bxa5 57. Be3 c4 58. Rc1 Kd5 59. Rf1
Ra3 60. Rf3 Ke4 61. Rf4+ Kxe5 62. Rf3 Kd5 63. Kf2 Ra2+ 64. Kg3 Bc7+ 65. Kh4
Rh2+ 66. Kg5 Ke4 67. Rxf7 Bd8+ 68. Kg6 Kxe3 69. Rd7 Rd2 0-1

[Event "Balaguer op"]
[Site "?"]
[Date "2011.07.20"]
[Round "4"]
[White "Aloy Piulats, R."]
[Black "Orrit Sole, G."]
[Result "0-1"]
[WhiteElo "1825"]
[BlackElo "1711"]
[PlyCount "64"]
[EventDate "2011.??.??"]
[EventType "swiss"]
[Source "Chessbase"]
[SourceDate "2011.07.29"]

1. e4 c5 2. Nf3 e6 3. d4 cxd4 4. Nxd4 a6 5. Be2 Nf6 6. Bg5 Qa5+ 7. Bd2 Qb6 8.
Nb3 Nxe4 9. Be3 Qc7 10. Bf3 Nf6 11. O-O d5 12. Nc3 Bd6 13. h3 Nbd7 14. Nd4 O-O
15. Be2 Nb6 16. Bg5 Nbd7 17. Bd3 h6 18. Be3 Nc5 19. Be2 e5 20. b4 exd4 21. bxc5
dxe3 22. cxd6 exf2+ 23. Rxf2 Qxc3 24. Rf3 Qc5+ 25. Kh1 Qxd6 26. Bd3 Re8 27. Qd2
Ne4 28. Bxe4 Rxe4 29. Raf1 Be6 30. Qf2 Qc7 31. c3 Rc4 32. Qd2 Rc8 0-1

[Event "Balaguer op"]
[Site "?"]
[Date "2011.07.20"]
[Round "4"]
[White "Aranzana Areste, A."]
[Black "Kovacevic, S."]
[Result "0-1"]
[WhiteElo "2065"]
[BlackElo "2325"]
[PlyCount "90"]
[EventDate "2011.??.??"]
[EventType "swiss"]
[Source "Chessbase"]
[SourceDate "2011.07.29"]

1. e4 c5 2. Nf3 e6 3. c3 Nc6 4. d4 d5 5. e5 Nge7 6. Na3 cxd4 7. cxd4 Nf5 8. Nc2
Qa5+ 9. Bd2 Qb6 10. Bc3 Be7 11. Be2 Bd7 12. O-O a5 13. Ne3 Nxe3 14. fxe3 O-O
15. Qe1 a4 16. a3 Rfc8 17. Qf2 Be8 18. Nd2 Na7 19. Qf3 Nb5 20. Bxb5 Qxb5 21. e4
Rc6 22. exd5 exd5 23. Rae1 Rac8 24. Nb1 Rd8 25. Rf2 Bh4 26. g3 Be7 27. Ref1 Qb6
28. Nd2 Qc7 29. Ra1 f6 30. exf6 Bxf6 31. Re1 Bg6 32. h4 Qf7 33. Nf1 Be4 34. Qf4
Qg6 35. Nd2 Re6 36. Rfe2 Rf8 37. Kh2 Bxd4 38. Qc7 Rc6 39. Qa5 Rc5 40. Qb4 Bf2
41. Be5 Bxe1 42. Qxc5 Bxd2 43. Rxd2 Qg4 44. Bd6 Rf1 45. Rg2 Rh1+ 0-1

[Event "Balaguer op"]
[Site "?"]
[Date "2011.07.20"]
[Round "4"]
[White "Barbero Sendic, A."]
[Black "Leon Valera, J."]
[Result "1-0"]
[WhiteElo "2264"]
[BlackElo "1859"]
[PlyCount "63"]
[EventDate "2011.??.??"]
[EventType "swiss"]
[Source "Chessbase"]
[SourceDate "2011.07.29"]

1. d3 d5 2. a3 e6 3. Nf3 Nf6 4. g3 Be7 5. Bg2 O-O 6. O-O c5 7. Nbd2 Nc6 8. e4
dxe4 9. dxe4 Qc7 10. Re1 Rd8 11. e5 Nd7 12. Qe2 Nf8 13. h4 h6 14. c3 Rb8 15. h5
b6 16. Nf1 Bb7 17. Bf4 Rd7 18. N1h2 Rbd8 19. Ng4 Qc8 20. Nd2 Na5 21. Ne4 Bxe4
22. Bxe4 Nh7 23. Bc2 Qc6 24. b4 cxb4 25. axb4 Nc4 26. b5 Qc8 27. Qe4 f5 28.
exf6 Nxf6 29. Qxe6+ Kh8 30. Nxf6 Bxf6 31. Qf5 Kg8 32. Qh7+ 1-0

[Event "Balaguer op"]
[Site "?"]
[Date "2011.07.20"]
[Round "4"]
[White "Barbosa Martinez, M."]
[Black "Flotats Ardiaca, S."]
[Result "1-0"]
[WhiteElo "1762"]
[BlackElo "1640"]
[PlyCount "59"]
[EventDate "2011.??.??"]
[EventType "swiss"]
[Source "Chessbase"]
[SourceDate "2011.07.29"]

1. d4 Nf6 2. c4 e6 3. Nc3 Bb4 4. Bd2 b6 5. a3 Bxc3 6. Bxc3 Bb7 7. e3 O-O 8. Nf3
d5 9. cxd5 Nxd5 10. Bd3 Nd7 11. O-O c5 12. Nd2 Qg5 13. Be4 Nxc3 14. bxc3 Bxe4
15. Nxe4 Qg6 16. Qf3 cxd4 17. cxd4 f5 18. Nd6 e5 19. Qd5+ Kh8 20. dxe5 Rad8 21.
Nb7 Nf6 22. Qf3 Ne4 23. Nxd8 Nd2 24. Qd5 Nxf1 25. Kxf1 h5 26. e6 Qf6 27. Nf7+
Kh7 28. Rd1 Re8 29. Qf3 Rxe6 30. Qxh5+ 1-0

[Event "Balaguer op"]
[Site "?"]
[Date "2011.07.20"]
[Round "4"]
[White "Bedoya Ribo, J."]
[Black "Herreros Angrill, J."]
[Result "1/2-1/2"]
[WhiteElo "1915"]
[BlackElo "1727"]
[PlyCount "37"]
[EventDate "2011.??.??"]
[EventType "swiss"]
[Source "Chessbase"]
[SourceDate "2011.07.29"]

1. d4 Nf6 2. c4 c5 3. e3 e6 4. Nc3 Be7 5. Nf3 O-O 6. Bd3 d5 7. O-O dxc4 8. Bxc4
a6 9. Qe2 b5 10. Bb3 Bb7 11. dxc5 Qc7 12. Rd1 Nbd7 13. Bd2 Qxc5 14. Rac1 Qh5
15. Nd4 Qxe2 16. Ncxe2 Rac8 17. Rxc8 Rxc8 18. Rc1 Nc5 19. Bd1 1/2-1/2